000 02001nam a22003617a 4500
003 peliumch
005 20260327150517.0
007 ta
008 260327b |||||||| |||| 00| 0 eng d
020 _a9786123225735
040 _aUMCH
_bspa
_cUMCH
_djmr
_erda
041 0 _aspa
043 _as-pe---
082 0 4 _aAE/336.2/F65
100 1 _aFlores Gallegos, Jorge Raúl.
_eautor
245 _aTratamientos tributarios de los medios de pago exigidos en la bancarización :
_bnuevas disposiciones y sus implicancias tributarias /
_cJorge Raúl Flores Gallegos.
264 1 _aLima, Perú ;
_bInstituto Pacífico,
_c2025
264 4 _c©2025
300 _a336 páginas ;
_c24 cm.
505 0 _gCapítulo I :
_tUso de los medios de pago--
_gCapítulo II :
_t Impuesto a las transacciones financieras (ITF)--
_gCapítulo III :
_tCriterios interpretativos para los registradores públicos--
_gCapítulo IV :
_tDonaciones y otros actos de liberalidad--
_gCapítulo V :
_tNuevos supuestos de inscripción en el RUC--
_gCapítulo VI:
_tTransparencia fiscal y secreto bancario--
_gCapítulo VII:
_tAnálisis de precedentes jurisprudenciales e informes de la SUNAT.
520 _a Con un análisis profundo y práctico, esta obra aborda desde los fundamentos normativos hasta los casos más relevantes relacionados con la bancarización. A través de siete capítulos estructurados meticulosamente, el autor explora temas clave como el Impuesto a las Transacciones Financieras (ITF), los nuevos supuestos de inscripción en el RUC, la transparencia fiscal frente al secreto bancario, y los precedentes jurisprudenciales más relevantes.
521 _aRecomendado para un público general.
650 1 4 _aDerecho tributario
650 2 4 _aBancos
650 2 4 _aDerecho y legislación
651 8 _zPerú
810 _aActualidad Empresarial
942 _2ddc
_cLIB
_n0
999 _c53706
_d53706